[Event "World Chess Olympiad 2018"]
[Site "Batumi"]
[Date "2018.09.28"]
[Round "5"]
[Board "1"]
[WhiteFideId "14508150"]
[White "Saric Ivan"]
[BlackFideId "1207822"]
[Black "Lupulescu Constantin"]
[Result "1-0"]
[LiveChessVersion "1.4.8"]
[BlackElo "2606"]
[WhiteElo "2689"]

1. e4 {[%clk 1:30:58]} e6 {[%clk 1:30:52]} 2. d4 {[%clk 1:31:23]} d5
{[%clk 1:31:19]} 3. Nc3 {[%clk 1:31:48]} Bb4 {[%clk 1:31:46]} 4. e5
{[%clk 1:32:05]} c5 {[%clk 1:32:11]} 5. a3 {[%clk 1:32:32]} Bxc3+
{[%clk 1:32:36]} 6. bxc3 {[%clk 1:32:58]} Qa5 {[%clk 1:33:02]} 7. Bd2
{[%clk 1:33:24]} Qa4 {[%clk 1:33:27]} 8. Qg4 {[%clk 1:31:47]} g6 {[%clk 1:33:48]}
9. Nf3 {[%clk 1:31:02]} Nc6 {[%clk 1:33:21]} 10. Be2 {[%clk 1:30:05]} Bd7
{[%clk 1:33:19]} 11. O-O {[%clk 1:29:13]} c4 {[%clk 1:33:27]} 12. Ra2
{[%clk 1:27:48]} O-O-O {[%clk 1:29:34]} 13. Bg5 {[%clk 1:20:19]} Rf8
{[%clk 1:18:27]} 14. Qh4 {[%clk 1:16:14]} h6 {[%clk 1:17:43]} 15. Rb1
{[%clk 1:15:36]} Rh7 {[%clk 1:13:42]} 16. h3 {[%clk 1:12:33]} f5 {[%clk 0:56:10]}
17. exf6 {[%clk 1:11:36]} Rff7 {[%clk 0:56:20]} 18. Qg3 {[%clk 0:55:33]} Qa5
{[%clk 0:39:28]} 19. Bf4 {[%clk 0:45:09]} Nxf6 {[%clk 0:34:42]} 20. Nd2
{[%clk 0:45:11]} g5 {[%clk 0:32:53]} 21. Be5 {[%clk 0:44:30]} Nxe5
{[%clk 0:30:36]} 22. dxe5 {[%clk 0:44:07]} Ne8 {[%clk 0:30:42]} 23. Qe3
{[%clk 0:43:02]} Ng7 {[%clk 0:23:47]} 24. g4 {[%clk 0:29:19]} Ne8
{[%clk 0:23:32]} 25. Rab2 {[%clk 0:28:44]} Bc6 {[%clk 0:15:22]} 26. Nf3
{[%clk 0:27:52]} b6 {[%clk 0:15:36]} 27. Nd4 {[%clk 0:28:04]} Bd7
{[%clk 0:15:27]} 28. Nf5 {[%clk 0:23:06]} Kc7 {[%clk 0:10:14]} 29. Rb4
{[%clk 0:18:37]} exf5 {[%clk 0:08:31]} 30. e6 {[%clk 0:17:37]} Bxe6
{[%clk 0:08:04]} 31. Rb5 {[%clk 0:16:17]} Qxa3 {[%clk 0:07:20]} 32. Qxe6
{[%clk 0:16:30]} Nd6 {[%clk 0:05:01]} 33. Rxd5 {[%clk 0:15:15]} Re7
{[%clk 0:04:53]} 34. Qg6 {[%clk 0:15:00]} Rhg7 {[%clk 0:03:16]} 35. Qxh6
{[%clk 0:15:24]} Rh7 {[%clk 0:02:52]} 36. Qg6 {[%clk 0:15:42]} Rhg7
{[%clk 0:02:09]} 37. Qf6 {[%clk 0:13:12]} Rgf7 {[%clk 0:01:42]} 38. Qd4
{[%clk 0:13:26]} fxg4 {[%clk 0:00:56]} 39. Bxg4 {[%clk 0:12:54]} Rf4
{[%clk 0:01:07]} 40. Qh8 {[%clk 0:42:49]} Re8 {[%clk 0:30:38]} 41. Qg7+
{[%clk 0:42:25]} Rf7 {[%clk 0:28:20]} 42. Qg6 {[%clk 0:41:57]} Rfe7
{[%clk 0:22:16]} 43. Rb4 {[%clk 0:41:54]} Ne4 {[%clk 0:17:02]} 44. Rd7+
{[%clk 0:40:21]} Rxd7 {[%clk 0:14:35]} 45. Qxe8 {[%clk 0:40:46]} Nc5
{[%clk 0:12:41]} 46. Rxc4 {[%clk 0:37:05]} Qc1+ {[%clk 0:12:47]} 47. Kg2
{[%clk 0:37:05]} Qd2 {[%clk 0:13:07]} 48. Qxd7+ {[%clk 0:36:45]} Qxd7
{[%clk 0:13:31]} 49. Bxd7 {[%clk 0:37:13]} Kxd7 {[%clk 0:13:57]} 50. f4
{[%clk 0:37:30]} 1-0

[Event "World Chess Olympiad 2018"]
[Site "Batumi"]
[Date "2018.09.28"]
[Round "5"]
[Board "2"]
[WhiteFideId "1204297"]
[White "Parligras Mircea-Emilian"]
[BlackFideId "14507927"]
[Black "Bosiocic Marin"]
[Result "1-0"]
[LiveChessVersion "1.4.8"]
[BlackElo "2600"]
[WhiteElo "2623"]

1. d4 {[%clk 1:30:56]} Nf6 {[%clk 1:30:49]} 2. c4 {[%clk 1:31:17]} e6
{[%clk 1:31:10]} 3. Nf3 {[%clk 1:31:20]} b6 {[%clk 1:31:23]} 4. a3
{[%clk 1:31:41]} Bb7 {[%clk 1:31:40]} 5. Nc3 {[%clk 1:31:54]} d5 {[%clk 1:30:15]}
6. Bg5 {[%clk 1:31:54]} Be7 {[%clk 1:30:16]} 7. e3 {[%clk 1:32:03]} O-O
{[%clk 1:30:20]} 8. Qc2 {[%clk 1:32:14]} h6 {[%clk 1:28:34]} 9. Bxf6
{[%clk 1:28:07]} Bxf6 {[%clk 1:28:52]} 10. cxd5 {[%clk 1:28:32]} exd5
{[%clk 1:29:11]} 11. h4 {[%clk 1:27:01]} Re8 {[%clk 1:21:39]} 12. O-O-O
{[%clk 1:24:34]} Nd7 {[%clk 1:16:11]} 13. g4 {[%clk 1:24:13]} g6 {[%clk 1:14:54]}
14. g5 {[%clk 1:13:14]} hxg5 {[%clk 1:15:05]} 15. Nxg5 {[%clk 1:11:49]} Bxg5
{[%clk 1:12:28]} 16. hxg5 {[%clk 1:12:14]} Nf8 {[%clk 1:12:31]} 17. f4
{[%clk 1:09:13]} Rxe3 {[%clk 1:09:48]} 18. Bd3 {[%clk 0:52:58]} f5
{[%clk 0:56:23]} 19. gxf6 {[%clk 0:50:36]} Qxf6 {[%clk 0:56:47]} 20. Rdg1
{[%clk 0:49:12]} Rg3 {[%clk 0:53:38]} 21. Rxg3 {[%clk 0:37:31]} Qxf4+
{[%clk 0:53:59]} 22. Qd2 {[%clk 0:35:31]} Qxg3 {[%clk 0:52:45]} 23. Ne4
{[%clk 0:35:32]} Qf3 {[%clk 0:31:14]} 24. Qh6 {[%clk 0:35:42]} Qxd3
{[%clk 0:30:27]} 25. Qh8+ {[%clk 0:35:55]} Kf7 {[%clk 0:30:50]} 26. Ng5+
{[%clk 0:36:16]} Ke8 {[%clk 0:28:57]} 27. Re1+ {[%clk 0:36:30]} Kd7
{[%clk 0:28:43]} 28. Qf6 {[%clk 0:24:03]} Ba6 {[%clk 0:20:39]} 29. Ne6
{[%clk 0:19:17]} Qf5 {[%clk 0:14:45]} 30. Qg7+ {[%clk 0:15:40]} Kc6
{[%clk 0:15:11]} 31. Qxc7+ {[%clk 0:15:29]} Kb5 {[%clk 0:15:38]} 32. a4+
{[%clk 0:15:04]} Kxa4 {[%clk 0:13:04]} 33. Qc6+ {[%clk 0:14:30]} Bb5
{[%clk 0:07:30]} 34. Qxa8 {[%clk 0:14:20]} Bd7 {[%clk 0:02:45]} 35. Qxa7+
{[%clk 0:07:58]} Kb5 {[%clk 0:02:57]} 36. b3 {[%clk 0:08:05]} 1-0

[Event "World Chess Olympiad 2018"]
[Site "Batumi"]
[Date "2018.09.28"]
[Round "5"]
[Board "3"]
[WhiteFideId "14502569"]
[White "Stevic Hrvoje"]
[BlackFideId "1226380"]
[Black "Deac Bogdan-Daniel"]
[Result "1-0"]
[LiveChessVersion "1.4.8"]
[BlackElo "2594"]
[WhiteElo "2579"]

1. e4 {[%clk 1:30:57]} e5 {[%clk 1:30:59]} 2. Nf3 {[%clk 1:31:15]} Nc6
{[%clk 1:31:27]} 3. Bc4 {[%clk 1:31:35]} Bc5 {[%clk 1:31:50]} 4. c3
{[%clk 1:31:53]} Nf6 {[%clk 1:32:18]} 5. d3 {[%clk 1:32:15]} d6 {[%clk 1:26:39]}
6. O-O {[%clk 1:29:23]} O-O {[%clk 1:24:40]} 7. Re1 {[%clk 1:26:53]} a5
{[%clk 1:23:40]} 8. h3 {[%clk 1:24:23]} h6 {[%clk 1:23:31]} 9. Nbd2
{[%clk 1:19:15]} Be6 {[%clk 1:22:53]} 10. Bb5 {[%clk 1:08:16]} Qb8
{[%clk 1:23:17]} 11. Bxc6 {[%clk 1:04:14]} bxc6 {[%clk 1:23:40]} 12. d4
{[%clk 1:04:42]} exd4 {[%clk 1:05:01]} 13. cxd4 {[%clk 1:04:59]} Bb6
{[%clk 1:05:24]} 14. b3 {[%clk 0:53:11]} d5 {[%clk 0:23:33]} 15. e5
{[%clk 0:35:18]} Nd7 {[%clk 0:23:55]} 16. Nf1 {[%clk 0:35:43]} c5
{[%clk 0:11:02]} 17. Ng3 {[%clk 0:36:02]} Kh8 {[%clk 0:11:29]} 18. Nh4
{[%clk 0:29:16]} Qe8 {[%clk 0:08:59]} 19. f4 {[%clk 0:25:17]} cxd4
{[%clk 0:09:08]} 20. f5 {[%clk 0:24:26]} d3+ {[%clk 0:08:29]} 21. Kh2
{[%clk 0:18:25]} Bf2 {[%clk 0:05:26]} 22. Rf1 {[%clk 0:14:40]} Bxg3+
{[%clk 0:00:54]} 23. Kxg3 {[%clk 0:15:08]} Nc5 {[%clk 0:01:13]} 24. fxe6
{[%clk 0:14:06]} Qxe6 {[%clk 0:01:29]} 25. Kh2 {[%clk 0:09:48]} Qxe5+
{[%clk 0:01:04]} 26. Bf4 {[%clk 0:10:13]} Qe6 {[%clk 0:01:29]} 27. Nf3
{[%clk 0:04:56]} Qe7 {[%clk 0:01:13]} 28. Re1 {[%clk 0:04:31]} Ne6
{[%clk 0:01:09]} 29. Bg3 {[%clk 0:04:27]} c5 {[%clk 0:01:02]} 30. Qxd3
{[%clk 0:04:51]} Qb7 {[%clk 0:01:31]} 31. Nh4 {[%clk 0:02:07]} Ra6
{[%clk 0:00:57]} 32. Nf5 {[%clk 0:02:12]} Rd8 {[%clk 0:01:09]} 33. Re2
{[%clk 0:01:31]} Rc6 {[%clk 0:00:45]} 34. Rae1 {[%clk 0:01:52]} Qa6
{[%clk 0:01:07]} 35. Qd2 {[%clk 0:01:50]} Kh7 {[%clk 0:01:13]} 36. Ne7
{[%clk 0:01:08]} Rb6 {[%clk 0:01:38]} 37. Rf2 {[%clk 0:00:52]} Ng5
{[%clk 0:00:34]} 38. h4 {[%clk 0:00:48]} 1-0

[Event "World Chess Olympiad 2018"]
[Site "Batumi"]
[Date "2018.09.28"]
[Round "5"]
[Board "4"]
[WhiteFideId "1203975"]
[White "Vajda Levente"]
[BlackFideId "14509792"]
[Black "Martinovic Sasa"]
[Result "0-1"]
[LiveChessVersion "1.4.8"]
[BlackElo "2567"]
[WhiteElo "2551"]

1. Nf3 {[%clk 1:30:56]} Nf6 {[%clk 1:30:44]} 2. g3 {[%clk 1:31:19]} g6
{[%clk 1:31:10]} 3. Bg2 {[%clk 1:31:43]} Bg7 {[%clk 1:31:37]} 4. O-O
{[%clk 1:31:30]} O-O {[%clk 1:32:03]} 5. d4 {[%clk 1:30:23]} d5 {[%clk 1:32:24]}
6. c4 {[%clk 1:30:46]} dxc4 {[%clk 1:32:41]} 7. Na3 {[%clk 1:30:26]} c5
{[%clk 1:32:29]} 8. Nxc4 {[%clk 1:30:18]} Be6 {[%clk 1:32:17]} 9. Ne3
{[%clk 1:29:45]} Nc6 {[%clk 1:30:16]} 10. dxc5 {[%clk 1:27:47]} Qa5
{[%clk 1:30:22]} 11. Bd2 {[%clk 1:27:10]} Qxc5 {[%clk 1:30:28]} 12. Qa4
{[%clk 1:27:12]} a6 {[%clk 1:06:46]} 13. Rac1 {[%clk 1:23:08]} Qb5
{[%clk 1:05:06]} 14. Qa3 {[%clk 1:11:49]} Ne4 {[%clk 0:59:53]} 15. Rc2
{[%clk 1:12:05]} Rfd8 {[%clk 0:50:45]} 16. Bc3 {[%clk 1:08:27]} Nxc3
{[%clk 0:49:39]} 17. bxc3 {[%clk 1:05:54]} Rac8 {[%clk 0:49:18]} 18. h4
{[%clk 1:05:39]} Bh6 {[%clk 0:41:25]} 19. Qc1 {[%clk 0:49:13]} Qc5
{[%clk 0:35:06]} 20. Ng5 {[%clk 0:48:41]} Bxg5 {[%clk 0:34:47]} 21. hxg5
{[%clk 0:49:06]} Qxg5 {[%clk 0:34:55]} 22. Rd1 {[%clk 0:49:30]} Qc5
{[%clk 0:31:46]} 23. Rxd8+ {[%clk 0:48:19]} Rxd8 {[%clk 0:31:17]} 24. Rb2
{[%clk 0:44:37]} b5 {[%clk 0:29:19]} 25. Qc2 {[%clk 0:45:00]} Ne5
{[%clk 0:25:44]} 26. Rb4 {[%clk 0:44:11]} a5 {[%clk 0:21:03]} 27. Re4
{[%clk 0:43:39]} f5 {[%clk 0:19:52]} 28. Rh4 {[%clk 0:41:00]} a4 {[%clk 0:12:39]}
29. Rb4 {[%clk 0:36:36]} Nc4 {[%clk 0:11:18]} 30. Nxc4 {[%clk 0:36:11]} Bxc4
{[%clk 0:11:46]} 31. e4 {[%clk 0:33:45]} Rd3 {[%clk 0:06:35]} 32. exf5
{[%clk 0:33:33]} Rxg3 {[%clk 0:05:34]} 33. fxg6 {[%clk 0:33:23]} Rxg6
{[%clk 0:04:52]} 34. Qd1 {[%clk 0:32:41]} 0-1

[Event "World Chess Olympiad 2018"]
[Site "Batumi"]
[Date "2018.09.28"]
[Round "5"]
[Board "1"]
[WhiteFideId "12539929"]
[White "Maghsoodloo Parham"]
[BlackFideId "4500261"]
[Black "Kulaots Kaido"]
[Result "1-0"]
[LiveChessVersion "1.4.8"]
[BlackElo "2542"]
[WhiteElo "2649"]

1. e4 {[%clk 1:30:56]} c5 {[%clk 1:30:35]} 2. Nf3 {[%clk 1:31:17]} d6
{[%clk 1:30:37]} 3. d4 {[%clk 1:31:40]} cxd4 {[%clk 1:30:56]} 4. Nxd4
{[%clk 1:32:03]} Nf6 {[%clk 1:31:16]} 5. Nc3 {[%clk 1:32:26]} a6 {[%clk 1:30:04]}
6. f3 {[%clk 1:31:56]} e5 {[%clk 1:26:24]} 7. Nb3 {[%clk 1:32:11]} Be6
{[%clk 1:26:37]} 8. Be3 {[%clk 1:32:23]} h5 {[%clk 1:25:45]} 9. Nd5
{[%clk 1:31:54]} Bxd5 {[%clk 1:24:24]} 10. exd5 {[%clk 1:32:18]} Nbd7
{[%clk 1:24:34]} 11. Qd2 {[%clk 1:29:58]} g6 {[%clk 1:23:07]} 12. O-O-O
{[%clk 1:24:18]} Nb6 {[%clk 1:19:56]} 13. Kb1 {[%clk 1:20:22]} Nbxd5
{[%clk 1:15:16]} 14. Bg5 {[%clk 1:12:31]} Be7 {[%clk 1:11:36]} 15. Na5
{[%clk 1:06:58]} Qc7 {[%clk 0:50:14]} 16. Bc4 {[%clk 0:54:57]} Rc8
{[%clk 0:35:59]} 17. Bb3 {[%clk 0:43:38]} O-O {[%clk 0:29:39]} 18. h4
{[%clk 0:35:06]} Nf4 {[%clk 0:20:53]} 19. Nc4 {[%clk 0:34:19]} Ne6
{[%clk 0:08:28]} 20. Ne3 {[%clk 0:28:30]} Nd4 {[%clk 0:07:22]} 21. g4
{[%clk 0:26:04]} hxg4 {[%clk 0:03:55]} 22. fxg4 {[%clk 0:17:31]} Nxb3
{[%clk 0:03:08]} 23. axb3 {[%clk 0:17:54]} Qd7 {[%clk 0:02:37]} 24. Qg2
{[%clk 0:12:23]} Nh7 {[%clk 0:02:10]} 25. Nd5 {[%clk 0:12:16]} Bd8
{[%clk 0:02:03]} 26. Bxd8 {[%clk 0:12:06]} Rcxd8 {[%clk 0:01:19]} 27. g5
{[%clk 0:12:23]} Qe6 {[%clk 0:01:19]} 28. h5 {[%clk 0:12:35]} Rd7
{[%clk 0:01:00]} 29. Rdf1 {[%clk 0:12:16]} e4 {[%clk 0:00:41]} 30. Nf6+
{[%clk 0:11:57]} Nxf6 {[%clk 0:00:40]} 31. gxf6 {[%clk 0:12:23]} Qe8
{[%clk 0:00:43]} 32. Qg5 {[%clk 0:12:37]} 1-0

[Event "World Chess Olympiad 2018"]
[Site "Batumi"]
[Date "2018.09.28"]
[Round "5"]
[Board "2"]
[WhiteFideId "4500024"]
[White "Ladva Ottomar"]
[BlackFideId "12521213"]
[Black "Tabatabaei M.amin"]
[Result "0-1"]
[LiveChessVersion "1.4.8"]
[BlackElo "2576"]
[WhiteElo "2500"]

1. d4 {[%clk 1:30:57]} g6 {[%clk 1:30:52]} 2. e4 {[%clk 1:31:20]} Bg7
{[%clk 1:31:16]} 3. Nc3 {[%clk 1:31:46]} d6 {[%clk 1:31:39]} 4. Be3
{[%clk 1:31:19]} a6 {[%clk 1:31:57]} 5. Qd2 {[%clk 1:30:44]} b5 {[%clk 1:32:18]}
6. O-O-O {[%clk 1:29:51]} Nf6 {[%clk 1:32:35]} 7. f3 {[%clk 1:29:36]} b4
{[%clk 1:32:48]} 8. Nce2 {[%clk 1:29:44]} a5 {[%clk 1:33:09]} 9. Bh6
{[%clk 1:27:42]} Bxh6 {[%clk 1:28:22]} 10. Qxh6 {[%clk 1:28:11]} Nc6
{[%clk 1:21:59]} 11. Nf4 {[%clk 1:21:14]} Bd7 {[%clk 1:20:39]} 12. Bb5
{[%clk 1:05:56]} Qb8 {[%clk 1:17:16]} 13. Bxc6 {[%clk 1:03:24]} Bxc6
{[%clk 1:17:44]} 14. Nge2 {[%clk 0:33:23]} a4 {[%clk 1:11:12]} 15. Kb1
{[%clk 0:31:30]} Qb5 {[%clk 1:02:13]} 16. d5 {[%clk 0:28:11]} Bb7
{[%clk 0:58:19]} 17. Rd4 {[%clk 0:25:39]} Ba6 {[%clk 0:56:53]} 18. Nd3
{[%clk 0:14:58]} b3 {[%clk 0:55:15]} 19. Nc3 {[%clk 0:14:57]} bxc2+
{[%clk 0:54:00]} 20. Ka1 {[%clk 0:13:32]} Qb7 {[%clk 0:50:43]} 21. Nb4
{[%clk 0:12:49]} Qb6 {[%clk 0:48:42]} 22. Nxc2 {[%clk 0:11:58]} a3
{[%clk 0:47:15]} 23. b3 {[%clk 0:11:31]} c6 {[%clk 0:46:50]} 24. Qe3
{[%clk 0:08:06]} O-O {[%clk 0:44:18]} 25. Rb4 {[%clk 0:05:12]} Qc7
{[%clk 0:43:16]} 26. Qb6 {[%clk 0:04:08]} Qxb6 {[%clk 0:21:17]} 27. Rxb6
{[%clk 0:04:36]} cxd5 {[%clk 0:21:40]} 28. Nxd5 {[%clk 0:05:01]} Nxd5
{[%clk 0:22:07]} 29. exd5 {[%clk 0:05:29]} Bc8 {[%clk 0:20:50]} 30. Nb4
{[%clk 0:04:30]} Re8 {[%clk 0:20:12]} 31. Rc1 {[%clk 0:04:01]} Kf8
{[%clk 0:20:18]} 32. g4 {[%clk 0:02:30]} h5 {[%clk 0:15:23]} 33. g5
{[%clk 0:02:57]} h4 {[%clk 0:15:48]} 34. Rc4 {[%clk 0:01:31]} h3 {[%clk 0:16:01]}
35. Kb1 {[%clk 0:01:53]} e6 {[%clk 0:15:59]} 36. Rh4 {[%clk 0:01:27]} exd5
{[%clk 0:15:51]} 37. Rh8+ {[%clk 0:01:14]} Kg7 {[%clk 0:16:16]} 38. Rxe8
{[%clk 0:01:38]} Bf5+ {[%clk 0:16:42]} 39. Kc1 {[%clk 0:02:05]} Rxe8
{[%clk 0:17:07]} 40. Nxd5 {[%clk 0:32:16]} Re2 {[%clk 0:42:55]} 41. Nf6
{[%clk 0:29:13]} Rxh2 {[%clk 0:42:51]} 42. Kd1 {[%clk 0:26:16]} Rc2
{[%clk 0:41:10]} 43. Rb4 {[%clk 0:26:20]} Rc8 {[%clk 0:41:14]} 0-1

[Event "World Chess Olympiad 2018"]
[Site "Batumi"]
[Date "2018.09.28"]
[Round "5"]
[Board "4"]
[WhiteFideId "4500458"]
[White "Sirosh Ilja"]
[BlackFideId "12519278"]
[Black "Mosadeghpour Masoud"]
[Result "0-1"]
[LiveChessVersion "1.4.8"]
[BlackElo "2515"]
[WhiteElo "2380"]

1. d4 {[%clk 1:30:57]} Nf6 {[%clk 1:30:52]} 2. c4 {[%clk 1:31:21]} g6
{[%clk 1:31:09]} 3. g3 {[%clk 1:31:43]} Bg7 {[%clk 1:30:54]} 4. Bg2
{[%clk 1:32:06]} d5 {[%clk 1:31:19]} 5. cxd5 {[%clk 1:32:29]} Nxd5
{[%clk 1:31:45]} 6. Nf3 {[%clk 1:32:45]} O-O {[%clk 1:32:07]} 7. O-O
{[%clk 1:33:09]} Nb6 {[%clk 1:32:24]} 8. Nc3 {[%clk 1:33:15]} Nc6
{[%clk 1:32:13]} 9. e3 {[%clk 1:33:21]} Re8 {[%clk 1:32:32]} 10. h3
{[%clk 1:33:34]} Be6 {[%clk 1:30:20]} 11. b3 {[%clk 1:30:15]} a5 {[%clk 1:30:04]}
12. Bb2 {[%clk 1:26:31]} a4 {[%clk 1:19:25]} 13. Nxa4 {[%clk 1:22:11]} Nxa4
{[%clk 1:18:55]} 14. bxa4 {[%clk 1:22:40]} Qd7 {[%clk 1:02:39]} 15. Kh2
{[%clk 1:22:08]} Bc4 {[%clk 0:56:39]} 16. Rg1 {[%clk 1:05:56]} Nb4
{[%clk 0:48:40]} 17. Nd2 {[%clk 0:41:56]} Ba6 {[%clk 0:42:44]} 18. Ba3
{[%clk 0:23:45]} Nd3 {[%clk 0:16:38]} 19. Ne4 {[%clk 0:23:10]} Bc4
{[%clk 0:12:26]} 20. Nc5 {[%clk 0:20:47]} Nxc5 {[%clk 0:12:34]} 21. Bxc5
{[%clk 0:21:10]} Bd5 {[%clk 0:10:45]} 22. Rb1 {[%clk 0:15:16]} Bxg2
{[%clk 0:09:14]} 23. Kxg2 {[%clk 0:15:34]} e5 {[%clk 0:07:48]} 24. d5
{[%clk 0:08:18]} Ra5 {[%clk 0:06:12]} 25. Bb4 {[%clk 0:08:30]} Rxd5
{[%clk 0:06:02]} 26. Qc2 {[%clk 0:08:49]} e4 {[%clk 0:04:50]} 27. Rbc1
{[%clk 0:07:25]} c5 {[%clk 0:03:23]} 28. Be1 {[%clk 0:04:34]} h5 {[%clk 0:02:58]}
29. a5 {[%clk 0:04:25]} Qf5 {[%clk 0:03:18]} 30. Qe2 {[%clk 0:04:38]} Red8
{[%clk 0:02:42]} 31. Rf1 {[%clk 0:04:51]} Rd3 {[%clk 0:01:58]} 32. Rc2
{[%clk 0:03:31]} Rd1 {[%clk 0:02:01]} 33. h4 {[%clk 0:02:31]} Ra1
{[%clk 0:01:37]} 34. Rd2 {[%clk 0:01:18]} Qf3+ {[%clk 0:01:32]} 35. Qxf3
{[%clk 0:00:37]} exf3+ {[%clk 0:01:57]} 36. Kg1 {[%clk 0:01:02]} Rxd2
{[%clk 0:01:37]} 37. Bxd2 {[%clk 0:01:30]} Rxa2 {[%clk 0:01:54]} 38. Rd1
{[%clk 0:01:55]} c4 {[%clk 0:01:50]} 0-1

[Event "World Chess Olympiad 2018"]
[Site "Batumi"]
[Date "2018.09.28"]
[Round "5"]
[Board "1"]
[WhiteFideId "10601457"]
[White "Amin Bassem"]
[BlackFideId "108049"]
[Black "Flores Diego"]
[Result "1/2-1/2"]
[LiveChessVersion "1.4.8"]
[BlackElo "2621"]
[WhiteElo "2686"]

1. e4 {[%clk 1:29:29]} c5 {[%clk 1:30:39]} 2. Nf3 {[%clk 1:29:52]} Nc6
{[%clk 1:30:44]} 3. Bb5 {[%clk 1:30:04]} g6 {[%clk 1:30:22]} 4. Bxc6
{[%clk 1:29:09]} dxc6 {[%clk 1:30:46]} 5. d3 {[%clk 1:29:24]} Bg7
{[%clk 1:31:04]} 6. h3 {[%clk 1:29:47]} Nf6 {[%clk 1:30:29]} 7. Nc3
{[%clk 1:30:04]} Nd7 {[%clk 1:30:11]} 8. Be3 {[%clk 1:30:13]} e5 {[%clk 1:30:09]}
9. Qd2 {[%clk 1:30:30]} h6 {[%clk 1:27:58]} 10. O-O {[%clk 1:30:38]} Qe7
{[%clk 1:28:19]} 11. Nh2 {[%clk 1:30:57]} Nf8 {[%clk 1:27:21]} 12. f4
{[%clk 1:31:13]} exf4 {[%clk 1:27:30]} 13. Bxf4 {[%clk 1:31:40]} Ne6
{[%clk 1:24:16]} 14. Bg3 {[%clk 1:32:03]} Nd4 {[%clk 1:19:10]} 15. e5
{[%clk 1:31:44]} Bf5 {[%clk 1:11:39]} 16. Rae1 {[%clk 1:32:07]} O-O-O
{[%clk 0:47:51]} 17. Ne4 {[%clk 1:32:08]} Bxe4 {[%clk 0:40:11]} 18. Rxe4
{[%clk 1:32:29]} b6 {[%clk 0:36:41]} 19. Bh4 {[%clk 1:32:52]} g5 {[%clk 0:36:22]}
20. Bg3 {[%clk 1:33:16]} Qe6 {[%clk 0:30:21]} 21. Ng4 {[%clk 1:28:29]} Qxa2
{[%clk 0:26:15]} 22. c3 {[%clk 1:24:35]} Ne6 {[%clk 0:23:10]} 23. Ne3
{[%clk 1:23:38]} Rhe8 {[%clk 0:19:02]} 24. Qc2 {[%clk 1:21:33]} b5
{[%clk 0:14:24]} 25. Rxf7 {[%clk 1:07:57]} Nd4 {[%clk 0:12:16]} 26. cxd4
{[%clk 1:02:12]} Qxf7 {[%clk 0:12:40]} 27. Qxc5 {[%clk 1:00:56]} Kb7
{[%clk 0:12:39]} 28. e6 {[%clk 0:55:02]} Rxe6 {[%clk 0:03:56]} 29. d5
{[%clk 0:55:25]} Rxd5 {[%clk 0:04:01]} 30. Nxd5 {[%clk 0:54:21]} Bf8
{[%clk 0:04:27]} 31. Qd4 {[%clk 0:50:07]} Bg7 {[%clk 0:04:47]} 32. Qe3
{[%clk 0:47:12]} Rxe4 {[%clk 0:05:06]} 33. dxe4 {[%clk 0:47:40]} cxd5
{[%clk 0:04:31]} 34. exd5 {[%clk 0:48:02]} Bxb2 {[%clk 0:03:09]} 35. d6
{[%clk 0:48:03]} Qd7 {[%clk 0:01:50]} 36. Qe7 {[%clk 0:45:33]} Bd4+
{[%clk 0:02:05]} 37. Kh2 {[%clk 0:44:19]} Kc6 {[%clk 0:02:24]} 38. Qe4+
{[%clk 0:41:10]} Kc5 {[%clk 0:02:53]} 39. Qg6 {[%clk 0:41:18]} Kc6
{[%clk 0:02:10]} 40. Qe4+ {[%clk 0:40:23]} Kc5 {[%clk 0:32:34]} 41. Qe7
{[%clk 0:38:53]} Kc6 {[%clk 0:29:19]} 42. Qe4+ {[%clk 0:39:02]} Kc5
{[%clk 0:29:44]} 1/2-1/2

[Event "World Chess Olympiad 2018"]
[Site "Batumi"]
[Date "2018.09.28"]
[Round "5"]
[Board "2"]
[WhiteFideId "105309"]
[White "Peralta Fernando"]
[BlackFideId "10601619"]
[Black "Adly Ahmed"]
[Result "0-1"]
[LiveChessVersion "1.4.8"]
[BlackElo "2620"]
[WhiteElo "2569"]

1. d4 {[%clk 1:30:57]} Nf6 {[%clk 1:30:58]} 2. c4 {[%clk 1:31:21]} e6
{[%clk 1:31:25]} 3. Nc3 {[%clk 1:31:36]} d5 {[%clk 1:31:50]} 4. cxd5
{[%clk 1:31:05]} Nxd5 {[%clk 1:32:17]} 5. e4 {[%clk 1:31:04]} Nxc3
{[%clk 1:32:44]} 6. bxc3 {[%clk 1:31:30]} c5 {[%clk 1:33:10]} 7. Nf3
{[%clk 1:31:26]} cxd4 {[%clk 1:33:35]} 8. cxd4 {[%clk 1:31:53]} Bb4+
{[%clk 1:34:00]} 9. Bd2 {[%clk 1:32:18]} Bxd2+ {[%clk 1:34:27]} 10. Qxd2
{[%clk 1:32:43]} O-O {[%clk 1:34:52]} 11. Rd1 {[%clk 1:31:29]} b6
{[%clk 1:34:39]} 12. Bd3 {[%clk 1:31:36]} Bb7 {[%clk 1:34:44]} 13. O-O
{[%clk 1:31:55]} Nd7 {[%clk 1:35:04]} 14. Qe3 {[%clk 1:31:18]} Qe7
{[%clk 1:34:26]} 15. e5 {[%clk 1:29:25]} Bd5 {[%clk 1:21:48]} 16. Bb1
{[%clk 1:26:44]} Rac8 {[%clk 0:59:13]} 17. Ng5 {[%clk 1:20:01]} f5
{[%clk 0:59:36]} 18. exf6 {[%clk 1:16:15]} Nxf6 {[%clk 0:59:56]} 19. f3
{[%clk 0:55:46]} Rc7 {[%clk 0:51:45]} 20. Rfe1 {[%clk 0:51:29]} Re8
{[%clk 0:45:09]} 21. Qe5 {[%clk 0:43:24]} h6 {[%clk 0:41:38]} 22. Nh3
{[%clk 0:41:11]} g5 {[%clk 0:40:35]} 23. Nf2 {[%clk 0:30:50]} Qg7
{[%clk 0:37:48]} 24. Rc1 {[%clk 0:20:52]} Rec8 {[%clk 0:37:02]} 25. Rxc7
{[%clk 0:20:53]} Rxc7 {[%clk 0:37:30]} 26. h3 {[%clk 0:19:56]} Nh5
{[%clk 0:34:55]} 27. Qe3 {[%clk 0:19:03]} Rc4 {[%clk 0:34:31]} 28. Bd3
{[%clk 0:17:17]} Rxd4 {[%clk 0:32:06]} 29. Rc1 {[%clk 0:17:04]} Rf4
{[%clk 0:32:29]} 30. Ng4 {[%clk 0:12:07]} Rf8 {[%clk 0:28:40]} 31. a4
{[%clk 0:07:04]} Nf4 {[%clk 0:28:40]} 32. Ne5 {[%clk 0:04:56]} h5
{[%clk 0:28:19]} 33. Bf1 {[%clk 0:04:50]} h4 {[%clk 0:26:54]} 34. a5
{[%clk 0:03:43]} bxa5 {[%clk 0:26:40]} 35. Rc5 {[%clk 0:03:57]} Rb8
{[%clk 0:21:07]} 36. Qc3 {[%clk 0:02:20]} Qf6 {[%clk 0:14:14]} 37. Rc7
{[%clk 0:01:18]} Rb7 {[%clk 0:14:44]} 38. Rc8+ {[%clk 0:01:10]} Kg7
{[%clk 0:15:12]} 39. Qe3 {[%clk 0:00:48]} a4 {[%clk 0:12:43]} 40. Ba6
{[%clk 0:30:38]} Re7 {[%clk 0:38:33]} 41. Qc5 {[%clk 0:18:15]} Bb3
{[%clk 0:20:46]} 42. Ng4 {[%clk 0:12:26]} Qa1+ {[%clk 0:21:07]} 43. Kh2
{[%clk 0:12:48]} Nd5 {[%clk 0:21:32]} 44. Rd8 {[%clk 0:11:13]} Rf7
{[%clk 0:20:15]} 45. Qc8 {[%clk 0:05:18]} Nf6 {[%clk 0:18:03]} 46. Nxf6
{[%clk 0:04:28]} Qe5+ {[%clk 0:18:03]} 47. Kh1 {[%clk 0:04:12]} Kxf6
{[%clk 0:18:13]} 48. Rg8 {[%clk 0:03:48]} Qc7 {[%clk 0:17:00]} 49. Qa8
{[%clk 0:03:26]} a3 {[%clk 0:16:52]} 50. f4 {[%clk 0:00:41]} Qc1+
{[%clk 0:16:23]} 0-1